| 000 | 01058nam a22001937a 4500 | ||
|---|---|---|---|
| 999 |
_c145482 _d145482 |
||
| 005 | 20180925154700.0 | ||
| 010 | _a17-18HN-4.8.17 B-702166-197 | ||
| 020 |
_c400.00 _a818853904X |
||
| 035 | _aB-702166-197 | ||
| 037 | _bअक्षरमाला | ||
| 082 | _a915.404 | ||
| 100 | _aसोनी, वेद प्रकाश | ||
| 245 |
_aभारत में विश्व धरोहर के स्थल / _cवेद प्रकाश सोनी |
||
| 260 |
_aनई दिल्ली _bअक्षरमाला _c2018 |
||
| 270 |
_bनई दिल्ली _aए-47, अमर कालोनी, लाजपत नगर _e110024 |
||
| 300 |
_a192 पृ. _c22से.मी (सजिल्द) _bसचित्र |
||
| 942 |
_2ddc _cHN _h915.404 _mसोनीव |
||